01457cam a22002531 4500001001300000003000400013005001700017008004100034010001700075035002000092040004500112042001200157050002600169100002700195245016700222260009200389300006900481490010900550500008700659505030300746650004401049700002001093810009001113gs 27000085 DLC20260227111331.0911112s1926 ag bf 000 0 spa c ags 27000085  a(OCoLC)24767036 aU. S. Geol. Survey. Libr.cTxUdTxUdDLC apremarc00aQE231b.A35 no. 25-261 aGröber, Paul,d1885-00aCondiciones geológicas de la quebrada de Ullún en relación con un proyectado dique de embalse (provincia de San Juan)cPor Pablo Groeber y Augusto Tapia ... aBuenos Aires,bTalleres gráficos del Ministerio de agricultura de la nación,c1926. a25 p.b16 pl. (part fold.; incl. col. map, col. profile)c27 cm.1 a[Argentine Republic] Dirección general de minas, geología e hidrología. Publicaciónvno. 25 y 26 aAt head of title: República argentina. Ministerio de agricultura de la nación.0 aNo. 25. Sobre las condiciones geológicas reinantes en la región del proyectado dique de la quebrada de Ullún (provincia de San Juan) por Pablo Groeber.--no. 26. Condiciones geológicas de la quebrada de Ullún en relación con un dique de embalse (provincia de San Juan) por Augusto Tapia. 0aGeologyzArgentinazSan Juan (Province)1 aTapia, Augusto.1 aArgentina.bDirección General de Minas y Geología.tPublicación ;vno. 25 y 26.